000 00619nam a2200193Ia 4500
005 20250923144633.0
008 008 250917s9999 xx 000 0 eng d
037 _aTextual
040 _aDSWL
_beng
_cDSWL
041 _aeng
_2eng
084 _aY1:4:6p73:M74, J7
_qDSWL
245 0 _aSocial Welfare Forum, 1957, 84th, Annual Forum
_cby National Conference of Social Work
260 _aNew York
_b National Conference of Social Work, Columbia University Press
_c1957
300 _axiv,280p.
365 _aUSD
_b5
925 _g5
942 _cTEXL
_hY1:4:6p73:M74, J7
999 _c1441494
_d1441494